[Event "San Luis zt 2.5"]
[Site "San Luis"]
[Date "2007.03.23"]
[Round "7"]
[White "Rodi, Luis Ernesto"]
[Black "Rodriguez Vila, Andres"]
[Result "0-1"]
[WhiteElo "2291"]
[BlackElo "2538"]
[PlyCount "150"]
[EventDate "2007.03.19"]
[EventType "swiss"]
[EventRounds "9"]
[EventCountry "ARG"]
[SourceTitle "CBM 117 Extra"]
[Source "ChessBase"]
[SourceDate "2007.05.09"]
[SourceVersion "1"]
[SourceVersionDate "2007.05.09"]
[SourceQuality "1"]

1. d4 e6 2. Nf3 Nf6 3. Bg5 b6 4. e3 Bb7 5. Nbd2 c5 6. c3 Be7 7. Bd3 Nc6 8. O-O
O-O 9. Qe2 h6 10. Bh4 cxd4 11. exd4 Nd5 12. Bxe7 Qxe7 13. Qe4 f5 14. Qh4 Rf6
15. Rfe1 g5 16. Qg3 Qg7 17. Qd6 Nf4 18. Ne5 Nxg2 19. Nxd7 Rf7 20. Bc4 Nxe1 21.
Bxe6 Nd3 22. Nc4 Nf4 23. Bxf7+ Qxf7 24. d5 Rd8 25. dxc6 Nh3+ 26. Kg2 Nf4+ 27.
Kg1 Qxc4 28. cxb7 Nh3+ 29. Kg2 Qe4+ 30. Kf1 Qc4+ 31. Kg2 Nf4+ 32. Kg1 Qe2 33.
Qc6 Nh3+ 34. Kh1 Nxf2+ 35. Kg1 Ng4 36. Nf6+ Kf7 37. Nxg4 Qxg4+ 38. Kh1 Qe4+ 39.
Qxe4 fxe4 40. Re1 Rb8 41. Rxe4 Rxb7 42. h4 Rd7 43. hxg5 hxg5 44. Ra4 Kg6 45.
Kg2 Kh5 46. Kf3 Re7 47. Kg3 Re3+ 48. Kf2 Re7 49. Kg3 Re3+ 50. Kg2 a5 51. b4 g4
52. bxa5 bxa5 53. Rxa5+ Kh4 54. Rf5 Rg3+ 55. Kh2 Rxc3 56. Rb5 Rc2+ 57. Kg1 Kh3
58. Rb8 Rc1+ 59. Kf2 g3+ 60. Kf3 Rf1+ 61. Ke3 g2 62. Rh8+ Kg3 63. Rg8+ Kh2 64.
Rh8+ Kg1 65. Rg8 Ra1 66. Kf3 Rxa2 67. Rb8 Ra3+ 68. Kg4 Rd3 69. Ra8 Kf2 70. Ra2+
Kf1 71. Ra1+ Ke2 72. Kh4 Rd1 73. Ra2+ Rd2 74. Ra1 Kf2 75. Kh3 g1=Q 0-1

[Event "San Luis zt 2.5"]
[Site "San Luis"]
[Date "2007.03.24"]
[Round "8"]
[White "Rodriguez Vila, Andres"]
[Black "Mahia, Gustavo"]
[Result "1-0"]
[WhiteElo "2538"]
[BlackElo "2424"]
[PlyCount "75"]
[EventDate "2007.03.19"]
[EventType "swiss"]
[EventRounds "9"]
[EventCountry "ARG"]
[SourceTitle "CBM 117 Extra"]
[Source "ChessBase"]
[SourceDate "2007.05.09"]
[SourceVersion "1"]
[SourceVersionDate "2007.05.09"]
[SourceQuality "1"]

1. e4 e5 2. Nf3 Nc6 3. Bc4 Bc5 4. c3 Nf6 5. d3 d6 6. h3 a6 7. Bb3 Ba7 8. Nbd2
O-O 9. Nf1 d5 10. Qe2 dxe4 11. dxe4 Be6 12. Bxe6 fxe6 13. Be3 Bxe3 14. Qxe3 Nh5
15. g3 Nf6 16. N1d2 Qe8 17. O-O Qh5 18. Kg2 Rad8 19. Rad1 Rd7 20. Nc4 Rdf7 21.
Qg5 Qxg5 22. Nxg5 Re7 23. Rfe1 b5 24. Nd2 Rd8 25. Nb3 Rxd1 26. Rxd1 h6 27. Nf3
Nxe4 28. Re1 Nd6 29. Nc5 a5 30. Nxe5 Nxe5 31. Rxe5 Kf7 32. Nb3 a4 33. Nd4 c6
34. Nxc6 Rc7 35. Nd8+ Ke7 36. Nxe6 Kf6 37. Nxc7 Kxe5 38. b4 1-0

[Event "Mar del Plata op 38th"]
[Site "Mar del Plata"]
[Date "2007.04.01"]
[Round "2"]
[White "Rodriguez Vila, Andres"]
[Black "Meza, Hugo"]
[Result "1-0"]
[WhiteElo "2538"]
[BlackElo "2144"]
[PlyCount "73"]
[EventDate "2007.03.31"]
[EventType "swiss"]
[EventRounds "9"]
[EventCountry "ARG"]
[SourceTitle "CBM 117 Extra"]
[Source "ChessBase"]
[SourceDate "2007.05.09"]
[SourceVersion "1"]
[SourceVersionDate "2007.05.09"]
[SourceQuality "1"]

1. f4 Nf6 2. Nf3 g6 3. d3 Bg7 4. e4 d6 5. h3 Nh5 6. Kf2 e5 7. f5 d5 8. Nc3 Nf6
9. fxg6 fxg6 10. Bg5 d4 11. Nd5 Be6 12. Nxf6+ Bxf6 13. Qd2 Nd7 14. Be2 O-O 15.
Bh6 Bg7 16. Kg3 Bxh6 17. Qxh6 Qf6 18. Rhf1 Qe7 19. Kh2 Rf6 20. Qg5 Raf8 21. Qg3
Rf4 22. Nxe5 Rxf1 23. Bxf1 Nxe5 24. Qxe5 Rf2 25. Rc1 Qd6 26. Qxd6 cxd6 27. Kg3
Rd2 28. Kf3 d5 29. e5 g5 30. Be2 g4+ 31. Kf2 gxh3 32. gxh3 Bxh3 33. Ke1 Rxe2+
34. Kxe2 Bg4+ 35. Kf2 Kf7 36. Kg3 h5 37. c3 1-0

[Event "Mar del Plata op 38th"]
[Site "Mar del Plata"]
[Date "2007.04.01"]
[Round "3"]
[White "Di Benedetto, Guillermo"]
[Black "Rodriguez Vila, Andres"]
[Result "0-1"]
[WhiteElo "2308"]
[BlackElo "2538"]
[PlyCount "108"]
[EventDate "2007.03.31"]
[EventType "swiss"]
[EventRounds "9"]
[EventCountry "ARG"]
[SourceTitle "CBM 117 Extra"]
[Source "ChessBase"]
[SourceDate "2007.05.09"]
[SourceVersion "1"]
[SourceVersionDate "2007.05.09"]
[SourceQuality "1"]

1. g3 g6 2. Bg2 Bg7 3. e4 d6 4. Nc3 e5 5. d3 Be6 6. Be3 Nf6 7. Nf3 c5 8. h3 Nc6
9. O-O Nd4 10. Ng5 Bd7 11. f4 O-O 12. g4 exf4 13. Bxf4 Bc6 14. Qd2 h5 15. Ne2
hxg4 16. Nxd4 cxd4 17. hxg4 Nxg4 18. Bf3 Qd7 19. Qg2 Nh6 20. Nh3 Rad8 21. Qg3
f6 22. Bxh6 Bxh6 23. Qxg6+ Qg7 24. Qxg7+ Kxg7 25. Kf2 Bd7 26. Rg1+ Kh7 27. Rh1
Rc8 28. c4 dxc3 29. bxc3 Rxc3 30. Nf4 Rc2+ 31. Ke3 f5 32. Rh4 Rf6 33. Kd4 Rf2
34. Ke3 Rb2 35. Kd4 Bc6 36. Nh5 Rf7 37. Ng3 f4 38. Ne2 Rf6 39. Kc3 Rb5 40. Rah1
Kg7 41. Nd4 Rc5+ 42. Kb2 Bd7 43. Bg4 Bxg4 44. Rxg4+ Rg5 45. Rhg1 Rxg4 46. Rxg4+
Kh7 47. Nf5 d5 48. Rh4 dxe4 49. dxe4 f3 50. Rh3 f2 51. Rf3 Be3 52. Kc3 Bb6 53.
e5 Rg6 54. Rh3+ Kg8 0-1

[Event "Mar del Plata op 38th"]
[Site "Mar del Plata"]
[Date "2007.04.03"]
[Round "5"]
[White "Pierrot, Juan Facundo"]
[Black "Rodriguez Vila, Andres"]
[Result "0-1"]
[WhiteElo "2437"]
[BlackElo "2538"]
[PlyCount "52"]
[EventDate "2007.03.31"]
[EventType "swiss"]
[EventRounds "9"]
[EventCountry "ARG"]
[SourceTitle "CBM 117 Extra"]
[Source "ChessBase"]
[SourceDate "2007.05.09"]
[SourceVersion "1"]
[SourceVersionDate "2007.05.09"]
[SourceQuality "1"]

1. e4 d6 2. d4 g6 3. Nf3 Bg7 4. Nc3 a6 5. a4 b6 6. Be2 c5 7. Be3 Nf6 8. h3 cxd4
9. Qxd4 Nbd7 10. O-O O-O 11. Qb4 a5 12. Qa3 Bb7 13. Nd2 Nc5 14. Bf3 Nfd7 15.
Rfe1 Rc8 16. g3 Bxc3 17. bxc3 Bc6 18. Bh6 Re8 19. c4 Bxa4 20. Qc3 e5 21. h4 Bc6
22. Kg2 Ne6 23. Kg1 Ndc5 24. Bg4 Rc7 25. h5 g5 26. f4 Qf6 0-1

[Event "Mexico City Icaro op"]
[Site "Mexico City"]
[Date "2007.05.01"]
[Round "8"]
[White "Sanchez Enriquez, Oscar Gerardo"]
[Black "Rodriguez Vila, Andres"]
[Result "1-0"]
[WhiteElo "2242"]
[BlackElo "2559"]
[PlyCount "83"]
[EventDate "2007.04.27"]
[EventType "swiss"]
[EventRounds "9"]
[EventCountry "MEX"]
[SourceTitle "CBM 118 Extra"]
[Source "ChessBase"]
[SourceDate "2007.07.04"]
[SourceVersion "1"]
[SourceVersionDate "2007.07.04"]
[SourceQuality "1"]

1. e4 d6 2. d4 g6 3. Nc3 Nd7 4. Nf3 Bg7 5. Be3 a6 6. a4 Ngf6 7. h3 O-O 8. Bc4
e5 9. dxe5 dxe5 10. O-O Qe7 11. Qe2 c6 12. Nd2 Nh5 13. Rfd1 Nc5 14. Nb3 Ne6 15.
Bxe6 Bxe6 16. Nc5 Nf4 17. Qf1 Bc8 18. a5 Ne6 19. N3a4 Re8 20. Rd2 f5 21. f3 Bf6
22. Qc4 Rb8 23. Rad1 Kh8 24. Rd7 Bxd7 25. Rxd7 Qf8 26. Nxe6 Qg8 27. Nac5 f4 28.
Bd2 Rbd8 29. Bc3 Rxd7 30. Nxd7 Rxe6 31. Nxf6 Rxf6 32. Qc5 Qe6 33. Qxe5 Qxe5 34.
Bxe5 Kg7 35. Kf2 Kf7 36. Bxf6 Kxf6 37. Ke2 Ke5 38. Kd3 g5 39. Kc4 h5 40. Kc5 g4
41. hxg4 hxg4 42. c3 1-0

[Event "Avellaneda op"]
[Site "Avellaneda"]
[Date "2007.05.09"]
[Round "1"]
[White "Petruzzella, Lucas"]
[Black "Rodriguez Vila, Andres"]
[Result "0-1"]
[WhiteElo "2082"]
[BlackElo "2538"]
[PlyCount "94"]
[EventDate "2007.05.09"]
[EventType "swiss"]
[EventRounds "7"]
[EventCountry "ARG"]
[SourceTitle "CBM 118 Extra"]
[Source "ChessBase"]
[SourceDate "2007.07.04"]
[SourceVersion "1"]
[SourceVersionDate "2007.07.04"]
[SourceQuality "1"]

1. d4 f5 2. g3 Nf6 3. Bg2 d6 4. c4 g6 5. Nc3 Bg7 6. f4 O-O 7. Nf3 Na6 8. O-O c5
9. e3 Rb8 10. Qe2 Bd7 11. Rd1 Qc8 12. Rb1 Ne4 13. Ne1 Nxc3 14. bxc3 e5 15. Qf3
e4 16. Qe2 Ba4 17. Rd2 Qe6 18. Ba3 Rfc8 19. Bf1 b6 20. Rdb2 Bf6 21. h3 Kh8 22.
Ng2 Rg8 23. Kh1 Rb7 24. Qf2 Rbg7 25. Be2 Qc8 26. Rf1 Nb8 27. g4 Qa6 28. g5 Be7
29. Rd2 h6 30. h4 Rh7 31. Kg1 Be8 32. Bb2 Nc6 33. Rb1 Na5 34. Qf1 Bf7 35. d5
Kg7 36. Kf2 Rgh8 37. Bc1 Kf8 38. Rdb2 Ke8 39. Bd2 hxg5 40. fxg5 Rxh4 41. Nxh4
Rxh4 42. Kg3 Bxg5 43. Rb5 Ke7 44. Qg2 Nxc4 45. Bxc4 Rg4+ 46. Kh3 Rxg2 47. Kxg2
Qa4 0-1

[Event "Avellaneda op"]
[Site "Avellaneda"]
[Date "2007.05.10"]
[Round "2"]
[White "Rodriguez Vila, Andres"]
[Black "Villanueva, Mario Nicolas"]
[Result "1/2-1/2"]
[WhiteElo "2538"]
[BlackElo "2249"]
[PlyCount "103"]
[EventDate "2007.05.09"]
[EventType "swiss"]
[EventRounds "7"]
[EventCountry "ARG"]
[SourceTitle "CBM 118 Extra"]
[Source "ChessBase"]
[SourceDate "2007.07.04"]
[SourceVersion "1"]
[SourceVersionDate "2007.07.04"]
[SourceQuality "1"]

1. d4 Nf6 2. Bg5 c5 3. Bxf6 gxf6 4. d5 Qb6 5. Qc1 f5 6. c4 Bg7 7. Nc3 d6 8. e3
Nd7 9. Qc2 Nf6 10. Bd3 Ne4 11. Nge2 Nxc3 12. Nxc3 e6 13. O-O-O Bd7 14. g3 Qa5
15. Rd2 O-O-O 16. Kb1 Kb8 17. Be2 Bxc3 18. bxc3 Qa4 19. Qd3 e5 20. Ka1 Rhg8 21.
Rb2 Bc8 22. Rb5 e4 23. Qb1 Qa3 24. Rc1 f6 25. Qc2 Bd7 26. Rb3 Qa5 27. Rcb1 Bc8
28. f3 Rge8 29. fxe4 Rxe4 30. Bd3 Re5 31. Rf1 Rxe3 32. Bxf5 Bxf5 33. Qxf5 Rxc3
34. Rb2 Qc7 35. Qxf6 Rxc4 36. Re1 a6 37. Reb1 Rb4 38. Rxb4 cxb4 39. Rxb4 Re8
40. Rb1 Re2 41. h4 Qa5 42. Qh8+ Ka7 43. Qd4+ Qc5 44. Qxc5+ dxc5 45. Rd1 Kb8 46.
d6 Kc8 47. Rd5 Kd7 48. Rh5 Kxd6 49. Rxh7 Re7 50. Rh6+ Re6 51. Rh7 Re7 52. Rh6+
1/2-1/2

[Event "Avellaneda op"]
[Site "Avellaneda"]
[Date "2007.05.12"]
[Round "4"]
[White "Rodriguez Vila, Andres"]
[Black "Cori Tello, Jorge Moise"]
[Result "1-0"]
[WhiteElo "2538"]
[BlackElo "2213"]
[PlyCount "71"]
[EventDate "2007.05.09"]
[EventType "swiss"]
[EventRounds "7"]
[EventCountry "ARG"]
[SourceTitle "CBM 118 Extra"]
[Source "ChessBase"]
[SourceDate "2007.07.04"]
[SourceVersion "1"]
[SourceVersionDate "2007.07.04"]
[SourceQuality "1"]

1. e4 e6 2. Qe2 g6 3. g3 Bg7 4. Bg2 Ne7 5. h4 h5 6. Nf3 c5 7. c3 Nbc6 8. O-O d5
9. e5 Qc7 10. Re1 b5 11. Na3 a6 12. d4 c4 13. Nc2 Bb7 14. Ng5 Nf5 15. Bf4 Nce7
16. f3 a5 17. Qf2 Nh6 18. Bh3 Qc6 19. g4 O-O-O 20. Ne3 Kb8 21. Nf1 Ka7 22. Ng3
hxg4 23. fxg4 Rdf8 24. Re3 Bc8 25. Rf3 f6 26. exf6 Rxf6 27. Bb8+ Kxb8 28. Rxf6
Bxf6 29. Qxf6 Qd6 30. Kg2 Rg8 31. Re1 Nc6 32. Nxe6 Re8 33. g5 Nd8 34. gxh6 Bxe6
35. Bxe6 Nxe6 36. h7 1-0

[Event "Avellaneda op"]
[Site "Avellaneda"]
[Date "2007.05.13"]
[Round "5"]
[White "Goldwaser, Christian"]
[Black "Rodriguez Vila, Andres"]
[Result "1-0"]
[WhiteElo "2374"]
[BlackElo "2538"]
[PlyCount "85"]
[EventDate "2007.05.09"]
[EventType "swiss"]
[EventRounds "7"]
[EventCountry "ARG"]
[SourceTitle "CBM 118 Extra"]
[Source "ChessBase"]
[SourceDate "2007.07.04"]
[SourceVersion "1"]
[SourceVersionDate "2007.07.04"]
[SourceQuality "1"]

1. Nf3 d6 2. d4 f5 3. g3 Nf6 4. Bg2 g6 5. O-O Bg7 6. c4 O-O 7. Nc3 Nc6 8. d5
Ne5 9. Qb3 Nfd7 10. Nxe5 dxe5 11. Qb4 a5 12. Qa3 h6 13. c5 g5 14. c6 Nb6 15. d6
cxd6 16. cxb7 Bxb7 17. Bxb7 Ra7 18. Bg2 d5 19. Rd1 e6 20. Be3 d4 21. Nb5 Rd7
22. Bd2 e4 23. Bxa5 Rd5 24. Qb3 Qd7 25. Bxb6 Rxb5 26. Qa4 Qc6 27. Ba5 d3 28.
Rac1 Qa6 29. b4 Bb2 30. exd3 Bxc1 31. Rxc1 Rfb8 32. Qd1 exd3 33. Rc6 Qa7 34.
Qxd3 Re5 35. Qc3 Re2 36. Rc8+ Rxc8 37. Qxc8+ Kf7 38. Qc7+ Qxc7 39. Bxc7 Rxa2
40. Bc6 Ra7 41. Be5 Ke7 42. b5 Ra5 43. Bc7 1-0

[Event "Avellaneda op"]
[Site "Avellaneda"]
[Date "2007.05.15"]
[Round "7"]
[White "Bitelmajer, Martin"]
[Black "Rodriguez Vila, Andres"]
[Result "1/2-1/2"]
[WhiteElo "2286"]
[BlackElo "2538"]
[PlyCount "90"]
[EventDate "2007.05.09"]
[EventType "swiss"]
[EventRounds "7"]
[EventCountry "ARG"]
[SourceTitle "CBM 118 Extra"]
[Source "ChessBase"]
[SourceDate "2007.07.04"]
[SourceVersion "1"]
[SourceVersionDate "2007.07.04"]
[SourceQuality "1"]

1. d4 f5 2. c4 Nf6 3. g3 d6 4. Bg2 g6 5. Nc3 Bg7 6. Nh3 O-O 7. d5 c5 8. Nf4 Na6
9. O-O Nc7 10. Qc2 Qe8 11. Rb1 g5 12. Nd3 Qg6 13. f4 g4 14. Be3 h5 15. b4 b6
16. bxc5 bxc5 17. Qa4 Nfe8 18. Rb3 Bf6 19. Bd2 h4 20. Nd1 Rf7 21. Bc3 Rh7 22.
Qa3 Ba6 23. N1b2 Rc8 24. Bxf6 Nxf6 25. Nf2 hxg3 26. hxg3 Qh6 27. Rc1 Qh2+ 28.
Kf1 Rh3 29. Rcc3 Nh7 30. Nh1 Kg7 31. Qa4 Rh8 32. Nd3 Rxg3 33. Ne5 dxe5 34. Rxg3
exf4 35. Qd7 fxg3 36. Qxc7 Bxc4 37. Re3 Nf6 38. Rxe7+ Kg6 39. Nxg3 Rh7 40. Rxh7
Qxh7 41. Qf4 Bxa2 42. Qxf5+ Kg7 43. Qe5 Qg6 44. Nf5+ Kh7 45. Qe7+ Kh8 1/2-1/2

[Event "Mercosur Cup"]
[Site "Villa Martelli"]
[Date "2007.07.23"]
[Round "1"]
[White "Fernandez, Daniel"]
[Black "Rodriguez Vila, Andres"]
[Result "0-1"]
[WhiteElo "2447"]
[BlackElo "2547"]
[PlyCount "36"]
[EventDate "2007.07.23"]
[EventType "tourn"]
[EventRounds "11"]
[EventCountry "ARG"]
[EventCategory "7"]
[SourceTitle "CBM 119 Extra"]
[Source "ChessBase"]
[SourceDate "2007.09.04"]
[SourceVersion "1"]
[SourceVersionDate "2007.09.04"]
[SourceQuality "1"]

1. e4 d6 2. d4 g6 3. Nc3 a6 4. Be3 Nf6 5. f3 b5 6. Qd2 Nbd7 7. O-O-O Bb7 8. g4
c5 9. dxc5 dxc5 10. g5 Nh5 11. Bh3 e6 12. Bg4 Ne5 13. Qe2 Qa5 14. Bxh5 b4 15.
Bf4 Be7 16. Nd5 Qxa2 17. c3 Nc4 18. Nc7+ Kf8 0-1

[Event "Mercosur Cup"]
[Site "Villa Martelli"]
[Date "2007.07.24"]
[Round "2"]
[White "Rodriguez Vila, Andres"]
[Black "Flores Rios, Mauricio"]
[Result "1/2-1/2"]
[WhiteElo "2547"]
[BlackElo "2391"]
[PlyCount "76"]
[EventDate "2007.07.23"]
[EventType "tourn"]
[EventRounds "11"]
[EventCountry "ARG"]
[EventCategory "7"]
[SourceTitle "CBM 119 Extra"]
[Source "ChessBase"]
[SourceDate "2007.09.04"]
[SourceVersion "1"]
[SourceVersionDate "2007.09.04"]
[SourceQuality "1"]

1. e4 c5 2. Nf3 e6 3. c3 Nf6 4. Qc2 d5 5. e5 Nfd7 6. g3 Nc6 7. Bg2 Qc7 8. d4
cxd4 9. Bf4 d3 10. Qxd3 Ndxe5 11. Nxe5 Nxe5 12. Qe2 Bd6 13. Bxe5 Bxe5 14. f4
Bd6 15. Bxd5 O-O 16. Bg2 Qb6 17. a4 e5 18. a5 Qc7 19. fxe5 Bc5 20. Nd2 Re8 21.
Nf3 Bg4 22. Kf1 Qc6 23. Re1 Rxe5 24. Qxe5 Bxf3 25. Re4 Bxe4 26. Qxe4 Qa6+ 27.
Qe2 Qxa5 28. Bxb7 Rb8 29. b4 Qc7 30. Bd5 Be7 31. Kg2 Qxc3 32. Re1 Rf8 33. b5
Bb4 34. Rf1 Qd2 35. Qxd2 Bxd2 36. Rd1 Be3 37. Bb3 g6 38. Rd7 Bb6 1/2-1/2

[Event "Mercosur Cup"]
[Site "Villa Martelli"]
[Date "2007.07.25"]
[Round "3"]
[White "Claverie, Raul Ricardo"]
[Black "Rodriguez Vila, Andres"]
[Result "0-1"]
[WhiteElo "2397"]
[BlackElo "2547"]
[PlyCount "124"]
[EventDate "2007.07.23"]
[EventType "tourn"]
[EventRounds "11"]
[EventCountry "ARG"]
[EventCategory "7"]
[SourceTitle "CBM 119 Extra"]
[Source "ChessBase"]
[SourceDate "2007.09.04"]
[SourceVersion "1"]
[SourceVersionDate "2007.09.04"]
[SourceQuality "1"]

1. e4 d6 2. d4 g6 3. Nf3 Bg7 4. c3 c6 5. Bd3 e5 6. O-O Bg4 7. dxe5 dxe5 8. h3
Bxf3 9. Qxf3 Nf6 10. Rd1 Nbd7 11. Bg5 O-O 12. Nd2 h6 13. Bxf6 Nxf6 14. Nc4 Qe7
15. Bc2 h5 16. Qg3 Nh7 17. Qd3 Rfd8 18. Qe3 b5 19. Na5 Qc7 20. b4 Bf8 21. Rxd8
Rxd8 22. Rd1 Rxd1+ 23. Bxd1 c5 24. a3 Nf6 25. Be2 a6 26. Nb3 c4 27. Na5 Be7 28.
a4 Kg7 29. axb5 axb5 30. Bf3 Bd6 31. Kh2 Nd7 32. Bd1 Be7 33. Qd2 Nf6 34. Bf3
Qb6 35. Kg1 Kf8 36. Qh6+ Ke8 37. Qh8+ Bf8 38. g4 hxg4 39. hxg4 Nd7 40. Kg2 Qd6
41. Qh1 Be7 42. Qa1 Qb6 43. Qh1 Nf8 44. Qh8 Bf6 45. Qh6 Ne6 46. Qd2 Nf4+ 47.
Kf1 Bh4 48. Qe3 Qc7 49. Qd2 Bg5 50. Qd1 Qb6 51. Qd2 Nd3 52. Qe2 Bc1 53. Nb3 Nf4
54. Nxc1 Nxe2 55. Nxe2 Qf6 56. Bg2 Qg5 57. Bf3 Qd2 58. Kg2 Ke7 59. Kf1 Kf6 60.
Kg2 Kg5 61. Kh3 Qd3 62. Kg2 Kh4 0-1

[Event "Mercosur Cup"]
[Site "Villa Martelli"]
[Date "2007.07.29"]
[Round "7"]
[White "Rodriguez Vila, Andres"]
[Black "Valerga, Diego"]
[Result "1-0"]
[WhiteElo "2547"]
[BlackElo "2466"]
[PlyCount "99"]
[EventDate "2007.07.23"]
[EventType "tourn"]
[EventRounds "11"]
[EventCountry "ARG"]
[EventCategory "7"]
[SourceTitle "CBM 119 Extra"]
[Source "ChessBase"]
[SourceDate "2007.09.04"]
[SourceVersion "1"]
[SourceVersionDate "2007.09.04"]
[SourceQuality "1"]

1. e4 c5 2. Nf3 e6 3. Qe2 Nc6 4. g3 Nge7 5. Bg2 d5 6. d3 dxe4 7. dxe4 Nd4 8.
Nxd4 cxd4 9. O-O e5 10. f4 Nc6 11. fxe5 Be6 12. Nd2 Qb6 13. Kh1 Nxe5 14. b3 Be7
15. Nf3 Nxf3 16. Bxf3 O-O 17. Bb2 Rac8 18. e5 Rfd8 19. Be4 g6 20. Rad1 Qc5 21.
Bxb7 Rc7 22. Bf3 Qxc2 23. Rd2 Qc5 24. Rc1 Qxc1+ 25. Bxc1 Rxc1+ 26. Rd1 d3 27.
Qe3 d2 28. Rxc1 dxc1=Q+ 29. Qxc1 Rc8 30. Qd2 Ba3 31. g4 Bc1 32. Qd4 a5 33. h3
Kg7 34. Be4 Bg5 35. Kg2 Rd8 36. Qa4 Bd2 37. Kf3 Bc3 38. Qc6 Bb4 39. Ke3 Rc8 40.
Qa6 Rc1 41. Bd3 Re1+ 42. Kd4 Rd1 43. a3 Bxa3 44. Qxa5 Bb2+ 45. Ke4 Ra1 46. Qd2
f5+ 47. exf6+ Bxf6 48. Bc4 Bc8 49. g5 Bf5+ 50. Kf4 1-0

[Event "Mercosur Cup"]
[Site "Villa Martelli"]
[Date "2007.07.31"]
[Round "9"]
[White "Rodriguez Vila, Andres"]
[Black "Lemos, Damian"]
[Result "1/2-1/2"]
[WhiteElo "2547"]
[BlackElo "2456"]
[PlyCount "102"]
[EventDate "2007.07.23"]
[EventType "tourn"]
[EventRounds "11"]
[EventCountry "ARG"]
[EventCategory "7"]
[SourceTitle "CBM 119 Extra"]
[Source "ChessBase"]
[SourceDate "2007.09.04"]
[SourceVersion "1"]
[SourceVersionDate "2007.09.04"]
[SourceQuality "1"]

1. e4 e6 2. d4 d5 3. e5 c5 4. c3 Qb6 5. a3 Nc6 6. Nf3 c4 7. h4 Bd7 8. h5 h6 9.
g3 Na5 10. Nbd2 Ne7 11. Bh3 O-O-O 12. O-O f5 13. exf6 gxf6 14. Re1 Rg8 15. Qe2
Nf5 16. g4 Nd6 17. Nh4 Bg7 18. Ng6 Rge8 19. Bg2 Nf7 20. Nf1 Nb3 21. Rb1 Nxc1
22. Rbxc1 Qd6 23. Ne3 Kb8 24. Rcd1 Nh8 25. Qf3 Bc8 26. Rb1 Nf7 27. b3 Ng5 28.
Qe2 cxb3 29. Rxb3 e5 30. Nxd5 e4 31. Ne3 Qc6 32. Qb5 Qc7 33. Nf5 Bxf5 34. Qxf5
Qc6 35. Reb1 b6 36. Qc5 Kc7 37. Qxc6+ Kxc6 38. Kh2 Bf8 39. Nxf8 Rxf8 40. Rf1 f5
41. gxf5 Rde8 42. Kg3 Rxf5 43. f4 Rg8 44. Kg4 Ra5 45. Kh4 Nf3+ 46. Bxf3 exf3
47. c4 Rg2 48. Rfxf3 Rh2+ 49. Rh3 Rg2 50. d5+ Kc5 51. Rbc3 Kd4 1/2-1/2

[Event "Callao op"]
[Site "Callao"]
[Date "2007.08.08"]
[Round "1"]
[White "Rodriguez Vila, Andres"]
[Black "Condori Aranya, Edwin"]
[Result "0-1"]
[WhiteElo "2547"]
[BlackElo "2207"]
[PlyCount "96"]
[EventDate "2007.08.08"]
[EventType "swiss"]
[EventRounds "9"]
[EventCountry "PER"]
[SourceTitle "CBM 119 Extra"]
[Source "ChessBase"]
[SourceDate "2007.09.04"]
[SourceVersion "1"]
[SourceVersionDate "2007.09.04"]
[SourceQuality "1"]

1. f4 g6 2. Nf3 Bg7 3. d3 c5 4. g3 Nc6 5. Bg2 d5 6. O-O e6 7. Nc3 Nge7 8. e4
O-O 9. Qe2 Rb8 10. e5 b5 11. Nd1 Qb6 12. Nf2 b4 13. Ng4 Kh8 14. Be3 Ng8 15. h4
Nce7 16. Bf2 a5 17. h5 a4 18. Bh3 Bd7 19. Kg2 b3 20. hxg6 fxg6 21. axb3 axb3
22. c3 Nf5 23. Rh1 d4 24. cxd4 cxd4 25. Kg1 Bc6 26. Bg2 Bxf3 27. Bxf3 Rbc8 28.
Qf1 h6 29. Qh3 Rc2 30. Nf6 Qc7 31. g4 Rc1+ 32. Kg2 Rxa1 33. Rxa1 Ne3+ 34. Bxe3
dxe3 35. g5 Qc2+ 36. Kh1 Qxb2 37. Rg1 Ne7 38. Be4 e2 39. Qh4 Qd4 40. Rb1 b2 41.
Kg2 Nf5 42. Qf2 Rc8 43. gxh6 Bxf6 44. Qxd4 Nxd4 45. exf6 Nc2 46. d4 e1=Q 47.
Rxe1 Nxe1+ 48. Kh3 Kh7 0-1

[Event "Callao op"]
[Site "Callao"]
[Date "2007.08.09"]
[Round "2"]
[White "Abarca, Diego"]
[Black "Rodriguez Vila, Andres"]
[Result "0-1"]
[WhiteElo "2141"]
[BlackElo "2547"]
[PlyCount "104"]
[EventDate "2007.08.08"]
[EventType "swiss"]
[EventRounds "9"]
[EventCountry "PER"]
[SourceTitle "CBM 119 Extra"]
[Source "ChessBase"]
[SourceDate "2007.09.04"]
[SourceVersion "1"]
[SourceVersionDate "2007.09.04"]
[SourceQuality "1"]

1. e4 e6 2. d4 d5 3. Nd2 Nf6 4. e5 Nfd7 5. Bd3 c5 6. c3 Nc6 7. Ne2 cxd4 8. cxd4
f6 9. exf6 Nxf6 10. O-O Bd6 11. Nf3 Qc7 12. Bg5 O-O 13. Ng3 Ng4 14. Rc1 g6 15.
Bb5 Bd7 16. Nh4 Nf6 17. Qd3 a6 18. Ba4 b5 19. Bb3 Kh8 20. f4 Ng8 21. Ne2 Qb6
22. Rf3 Be8 23. Re3 Bf7 24. Nf3 Rac8 25. Rf1 a5 26. Ne5 a4 27. Bd1 Nb4 28. Qb1
Be8 29. a3 Nc6 30. Qd3 Na5 31. Rh3 Rf5 32. Qg3 Qa7 33. Kh1 Nc4 34. Nxc4 Rxc4
35. Qe3 Bd7 36. Qd3 e5 37. dxe5 Bxe5 38. Rhf3 Bxb2 39. Qb1 Bg7 40. Bc2 Qc5 41.
Bd3 Rf8 42. f5 gxf5 43. Ng3 Rc3 44. Bxf5 Bxf5 45. Nxf5 d4 46. Bd2 Rxf3 47. Rxf3
Qd5 48. Bb4 Rf7 49. Qd3 Qc4 50. Qxc4 bxc4 51. Nd6 Rxf3 52. gxf3 Bf8 0-1

[Event "Callao op"]
[Site "Callao"]
[Date "2007.08.12"]
[Round "6"]
[White "Lujan, Carolina"]
[Black "Rodriguez Vila, Andres"]
[Result "1/2-1/2"]
[WhiteElo "2394"]
[BlackElo "2547"]
[PlyCount "83"]
[EventDate "2007.08.08"]
[EventType "swiss"]
[EventRounds "9"]
[EventCountry "PER"]
[SourceTitle "CBM 119 Extra"]
[Source "ChessBase"]
[SourceDate "2007.09.04"]
[SourceVersion "1"]
[SourceVersionDate "2007.09.04"]
[SourceQuality "1"]

1. e4 d6 2. d4 g6 3. g3 Bg7 4. Bg2 Na6 5. Ne2 c5 6. O-O Bg4 7. f3 Bd7 8. Be3 h5
9. h4 Rc8 10. Nbc3 b5 11. a3 Kf8 12. Qd2 Nf6 13. e5 Ne8 14. f4 cxd4 15. Nxd4
dxe5 16. Ndxb5 exf4 17. Rxf4 Bxb5 18. Qxd8 Rxd8 19. Nxb5 Bxb2 20. Raf1 f6 21.
Nxa7 Bxa3 22. Nc6 Rc8 23. Ra4 Bc5 24. Re1 Nec7 25. Bxc5 Nxc5 26. Nxe7 Nxa4 27.
Nxc8 Rh7 28. Nd6 Nc5 29. Rb1 Rd7 30. Ne4 Nxe4 31. Bxe4 f5 32. Bd3 Nd5 33. Kf2
Kg7 34. Kf3 Kf6 35. Rb5 Rd6 36. Rb8 Ke5 37. Rc8 Nf6 38. Rc5+ Kd4 39. Rc4+ Ke5
40. Rc5+ Kd4 41. Rc4+ Ke5 42. Rc5+ 1/2-1/2

[Event "Callao op"]
[Site "Callao"]
[Date "2007.08.13"]
[Round "8"]
[White "Rodriguez Vila, Andres"]
[Black "Felgaer, Ruben Alejandro"]
[Result "0-1"]
[WhiteElo "2547"]
[BlackElo "2559"]
[PlyCount "39"]
[EventDate "2007.08.08"]
[EventType "swiss"]
[EventRounds "9"]
[EventCountry "PER"]
[SourceTitle "CBM 119 Extra"]
[Source "ChessBase"]
[SourceDate "2007.09.04"]
[SourceVersion "1"]
[SourceVersionDate "2007.09.04"]
[SourceQuality "1"]

1. e4 c5 2. Nf3 Nc6 3. d3 g6 4. g3 Bg7 5. Bg2 e5 6. Bg5 Nge7 7. Qd2 O-O 8. O-O
f6 9. Be3 d6 10. c3 f5 11. Na3 Kh8 12. Bh6 f4 13. Bxg7+ Kxg7 14. Nc2 h6 15. d4
Bg4 16. dxc5 dxc5 17. Qe2 Qc7 18. a4 g5 19. Na3 a6 20. Rfd1 0-1